Controlador de velocidad para un motor de corriente continua utilizando el sistema de enganche de fase por PLL

Gorde:
Xehetasun bibliografikoak
Egile nagusia: Ortiz Ramírez, William Alberto
Formatua: Liburua
Argitaratua: San José, Costa Rica 1991
Gaiak:
Etiketak: Etiketa erantsi
Etiketarik gabe, Izan zaitez lehena erregistro honi etiketa jartzen!

MARC

LEADER 00000nam a2200000Ia 4500
003 005023
005 20221231144331.0
008 140114s1991 cr a m 000 ||s d
040 |c cru CEDI 
090 |a TFG 2378 
100 |a Ortiz Ramírez, William Alberto  |9 12929 
245 |a Controlador de velocidad para un motor de corriente continua utilizando el sistema de enganche de fase por PLL 
260 |c 1991  |a San José, Costa Rica 
300 |a  vi, 50 hojas : ilustraciones ; 27 cm  
500 |a  Proyecto de graduación (bachillerato en ingeniería eléctrica)-- Universidad de Costa Rica. Facultad de Ingeniería. Escuela de Ingenieria Eléctrica 
650 |x MOTORES ELECTRICOS DE CORRIENTE CONTINUA   |x CONTROLES ELECTRICOS  |9 12930 
942 |c TFG 
999 |c 20309  |d 20309